Wittgenstein filósofo y pensador de la religión (Registro nro. 36425)
[ vista simple ]
| 000 -ENCABEZADO | |
|---|---|
| Número de control [NR] | 00833nam a2200217Ia 4500 |
| 008 - DE LONGITUD FIJA DE DATOS DE ELEMENTOS - INFORMACIÓN GENERAL | |
| Elementos de longitud fija [NR] | 130821s2010 ck gr dspa |
| 040 ## - FUENTE DE CATALOGACION [NR] | |
| Agencia de catalogación original [NR] | Co-BoUCM |
| Idioma de catalogación [NR] | spa |
| 041 00 - CODIGO DE IDIOMA [R] | |
| Código de idioma para texto/pista de sonido o título separado [R] | Español |
| 100 1# - ASIENTO PRINCIPAL--NOMBRE PERSONAL [NR] | |
| Nombre personal [NR] | Martínez Morales, Darío Ernesto |
| ID Autoridad | 159040 |
| 245 10 - MENCION DE TITULO [NR] | |
| Título [NR] | Wittgenstein filósofo y pensador de la religión |
| Mención de responsabilidad, etc. [NR] | Darío Ernesto Martínez Morales. |
| 260 ## - PUBLICACION, DISTRIBUCION, ETC. (PIE DE IMPRENTA) [R] | |
| Lugar de publicación, distribución, etc. [R] | Bogotá (Colombia) |
| Nombre del editor, distribuidor, etc. [R] | Pontificia Universidad Javeriana |
| Fecha de publicación, distribución, etc. [R] | 2010 |
| 300 ## - DESCRIPCION FISICA [R] | |
| Extensión [R] | 47 páginas |
| 490 #0 - MENCION DE SERIE [R] | |
| Mención de serie [R] | Excerpta Dissertationis |
| 504 ## - NOTA DE BIBLIOGRAFIA, ETC. [R] | |
| Nota de bibliografía, etc. [NR] | |
| 600 14 - ASIENTO SECUNDARIO DE MATERIA - NOMBRE PERSONAL [R] | |
| Nombre personal [NR] | Wittgenstein, Ludwig Josef Johann |
| Fechas asociadas con el nombre [NR] | 1889-1951 |
| 9 (RLIN) | 67575 |
| 650 04 - ASIENTO SECUNDARIO DE MATERIA - TERMINO TEMATICO [R] | |
| Término temático o nombre geográfico como elemento de entrada [NR] | Filosofía |
| 9 (RLIN) | 75 |
| 650 04 - ASIENTO SECUNDARIO DE MATERIA - TERMINO TEMATICO [R] | |
| Término temático o nombre geográfico como elemento de entrada [NR] | Filósofos |
| Subdivisión de forma [R] | Biografías |
| 9 (RLIN) | 30990 |
| 710 1# - ASIENTO SECUNDARIO - NOMBRE CORPORATIVO [R] | |
| Nombre corporativo o de jurisdicción como elemento de entrada [NR] | Pontificia Universidad Javeriana. |
| Unidad subordinada [R] | Facultad de Filosofía |
| 9 (RLIN) | 76183 |
| 942 ## - ELEMENTOS DE ENTRADA AGREGADOS (KOHA) | |
| Tipo de ítem principal el descrito en 300a | Libro |
| Tema principal | Filosofía |
| Edición | 1 |
| Parte restante de la signatura top. | M385w |
| Sistema de clasificación | DEWEY |
| Clasificación | 192 |
| Fecha de último préstamo | Total préstamos | Total Renewals | Signatura topográfica | Código de barras | Última vez visto | Ejemplar | Price effective from | Tipo de ítem | Perdido | Sistema de clasificación | Dañado | No prestable | Tipo de ítem específico | Suprimido | Ubicación habitual | Ubicación actual | Localización | Fecha de creación | Forma de adquisición | Costo |
|---|---|---|---|---|---|---|---|---|---|---|---|---|---|---|---|---|---|---|---|---|
| 28/04/2017 | 2 | 5 | 192 M385w | 100119361 | 05/12/2025 | Ej.1 | 03/02/2013 | Libro | DEWEY | Libro | Claustro | Claustro | 2do piso | 28/02/2012 | Donación | 26000.00 |